000 00359 a2200157 4500
001 154309
040 _cEscola São Tomás de Aquino
100 _aBERTRAND,Russell
240 1 0 _aEnsaios Escolhidos
_lpor
245 1 0 _aEnsaios Escolhidos
300 _a222
362 0 _a1992
440 1 _aNova cultural
697 _aFILOSOFIA E PSICOLOGIA
942 _cBK
999 _c154309
_d154309